000 00926nam a2200265Ia 4500
001 10504
003 GE_BSU
008 181216s||||||||xx |||||||||||||| ||und||
020 _a9789941172168
040 _cGE_BSU
080 _a004.738.5:339.138.138(075.8)
100 _aთოდუა,ნუგზარ. აბულაძე,რატი.
245 _aინტერნეტ–მარკეტინგი=Internet-Marketing
245 _bსახ–ლო
245 _cრედ.ჩარიტა ჯაში
260 _aთბილისი
260 _bუნივერსალი
260 _c2011
300 _a320გვ.21სმ.ნახ.ცხრ.
300 _eბიბლიოგრ.:გვ.305-319
520 _aპარალ.თავფ.ინგლ.ენაზე
541 _h25ლ.
653 _aინტერნეტ–მარკეტინგი
942 _cBK
999 _c43759
_d43759